Social Reconstructions of the World Automobile Industry : (Record no. 615178)

MARC details
000 -LEADER
fixed length control field 00541nam a2200193 a 4500
008 - FIXED-LENGTH DATA ELEMENTS--GENERAL INFORMATION
fixed length control field 260221s1996##################000#0#eng##
020 ## - INTERNATIONAL STANDARD BOOK NUMBER
ISBN 9780333610671
082 04 - DEWEY DECIMAL CLASSIFICATION NUMBER
Classification number 338.4762
Item number DEY
100 1# - MAIN ENTRY--AUTHOR NAME
Personal name Deyo, Frederic C.,
245 10 - TITLE STATEMENT
Title Social Reconstructions of the World Automobile Industry :
260 ## - PUBLICATION, DISTRIBUTION, ETC. (IMPRINT)
Name of publisher Palgrave Macmillan,
Year of publication 1996.
300 ## - PHYSICAL DESCRIPTION
Number of Pages 311 pages
650 #0 - SUBJECT ADDED ENTRY--TOPICAL TERM
Topical Term Political Science.
942 ## - ADDED ENTRY ELEMENTS (KOHA)
Koha item type English Books
Holdings
Withdrawn status Lost status Damaged status Not for loan Home library Current library Shelving location Date acquired Full call number Accession Number Price effective from Koha item type
        Anna Centenary Library Anna Centenary Library 4TH FLOOR, A WING 21.02.2026 338.4762 DEY 319863 21.02.2026 English Books

Find us on the map